<?xml version="1.0" encoding="UTF-8"?>
<record
    xmlns:xsi="http://www.w3.org/2001/XMLSchema-instance"
    xsi:schemaLocation="http://www.loc.gov/MARC21/slim http://www.loc.gov/standards/marcxml/schema/MARC21slim.xsd"
    xmlns="http://www.loc.gov/MARC21/slim">

  <leader>00697nam a2200181   4500</leader>
  <controlfield tag="005">20260207160456.0</controlfield>
  <datafield tag="020" ind1=" " ind2=" ">
    <subfield code="a">9788119131563</subfield>
  </datafield>
  <datafield tag="082" ind1=" " ind2=" ">
    <subfield code="a">614</subfield>
    <subfield code="b">IQB.E</subfield>
  </datafield>
  <datafield tag="084" ind1=" " ind2=" ">
    <subfield code="2">Colon Classification</subfield>
  </datafield>
  <datafield tag="100" ind1=" " ind2=" ">
    <subfield code="a">&#xD07;&#xD15;&#xD4D;&#xD2C;&#xD3E;&#xD7D; ,&#xD2C;&#xD3F;</subfield>
    <subfield code="9">9683</subfield>
  </datafield>
  <datafield tag="100" ind1=" " ind2=" ">
    <subfield code="a">Ikbal ,B</subfield>
    <subfield code="9">9684</subfield>
  </datafield>
  <datafield tag="240" ind1=" " ind2=" ">
    <subfield code="a">Ellavarkum arogyam:Arogyathinte samoohika, sambathika, rashtreeyamanaangal</subfield>
  </datafield>
  <datafield tag="245" ind1=" " ind2=" ">
    <subfield code="a">&#xD0E;&#xD32;&#xD4D;&#xD32;&#xD3E;&#xD35;&#xD7C;&#xD15;&#xD4D;&#xD15;&#xD41;&#xD02; &#xD06;&#xD30;&#xD4B;&#xD17;&#xD4D;&#xD2F;&#xD02;:&#xD06;&#xD30;&#xD4B;&#xD17;&#xD4D;&#xD2F;&#xD24;&#xD4D;&#xD24;&#xD3F;&#xD7B;&#xD4D;&#xD31;&#xD46; &#xD38;&#xD2E;&#xD42;&#xD39;&#xD3F;&#xD15;, &#xD38;&#xD3E;&#xD02;&#xD2C;&#xD24;&#xD3F;&#xD15;, &#xD30;&#xD3E;&#xD37;&#xD4D;&#xD1F;&#xD4D;&#xD30;&#xD40;&#xD2F;&#xD2E;&#xD3E;&#xD28;&#xD19;&#xD4D;&#xD19;&#xD7E;</subfield>
  </datafield>
  <datafield tag="260" ind1=" " ind2=" ">
    <subfield code="a">Thiruvananthapuram:</subfield>
    <subfield code="b"> Chintha Publishers, </subfield>
    <subfield code="c">2023.</subfield>
  </datafield>
  <datafield tag="300" ind1=" " ind2=" ">
    <subfield code="a">241p.</subfield>
  </datafield>
  <datafield tag="650" ind1=" " ind2=" ">
    <subfield code="a">Health</subfield>
  </datafield>
  <datafield tag="942" ind1=" " ind2=" ">
    <subfield code="2">ddc</subfield>
    <subfield code="c">GEN</subfield>
  </datafield>
  <datafield tag="999" ind1=" " ind2=" ">
    <subfield code="c">755986</subfield>
    <subfield code="d">755986</subfield>
  </datafield>
  <datafield tag="952" ind1=" " ind2=" ">
    <subfield code="0">0</subfield>
    <subfield code="1">0</subfield>
    <subfield code="2">ddc</subfield>
    <subfield code="4">0</subfield>
    <subfield code="7">0</subfield>
    <subfield code="a">CAMPUS</subfield>
    <subfield code="b">CAMPUS</subfield>
    <subfield code="c">GEN</subfield>
    <subfield code="d">2026-02-07</subfield>
    <subfield code="l">0</subfield>
    <subfield code="o">614 IQB.E</subfield>
    <subfield code="p">UCL35329</subfield>
    <subfield code="r">2026-02-07 10:39:51</subfield>
    <subfield code="w">2026-02-07</subfield>
    <subfield code="y">GEN</subfield>
  </datafield>
</record>
